Using Machine Learning Classification to Design the Predictive Maintenance System

Enregistré dans:
Détails bibliographiques
Auteur principal: Hassankhani Dolatabadi, Sepideh (Auteur)
Autres auteurs: Budinská, Ivana (Directeur de thèse)
Format: Manuscrit Livre
Langue:slovaque
anglais
Publié: 2025
Sujets:
Accès en ligne:http://is.stuba.sk/zp/portal_zp.pl?podrobnosti=167127
Tags: Ajouter un tag
Pas de tags, Soyez le premier à ajouter un tag!

MARC

LEADER 00000ntm a22000003a 4500
001 stuzp84297
003 SK-STU
005 20250222210319.7
007 ta
008 150427s2015----xo-----f-mn---000-0-slo-d
040 |a STU  |b slo 
041 0 |a eng 
100 1 |a Hassankhani Dolatabadi, Sepideh  |u 070000  |4 aut  |T FIIT Fakulta informatiky a informačných technológií  |X 106101  |U I  |Y 70  |7 106101 
242 0 1 |a Použitie klasifikácie strojového učenia na návrh systému prediktívnej údržby  |y slo 
245 1 0 |a Using Machine Learning Classification to Design the Predictive Maintenance System 
260 |c 2025 
650 4 |a Prediktívna údržba  |2 slo 
650 4 |a Priemysel 4.0  |2 slo 
650 4 |a Strojové učenie  |2 slo 
650 4 |a Machine-Learning  |2 eng 
650 4 |a Predictive Maintenance  |2 eng 
650 4 |a industry 4.0  |2 eng 
700 1 |a Budinská, Ivana  |4 ths  |X 38258  |7 A000038258 
856 4 |u http://is.stuba.sk/zp/portal_zp.pl?podrobnosti=167127